000
00188nam a2200085 4500
001
1257381
005
20260212104451.0
245
_a
PANİK YOK
_c
YASEMİN DERYA AKA
260
_b
ÇOCUK GEZEGENİ
999
_c
1257381
_d
1257381